| 000 | 00619nmm a2200193Ia 4500 | ||
|---|---|---|---|
| 008 | 251105s9999||||xx |||||||||||||||||und|| | ||
| 020 | _a9788480488839 | ||
| 041 | _aspa | ||
| 100 | _aAriño Villarroya, Antonio | ||
| 245 | 0 |
_aCulturas en tránsito : _b Las prácticas culturales en España en el comienzo del siglo XXI |
|
| 264 |
_a[Madrid, España] : _bFundación SGAE, _c2017 |
||
| 300 | _a416 páginas | ||
| 490 | _aDATAUTOR | ||
| 650 | _aCultural Studies | ||
| 700 | _aAriño Villarroya, Antonio | ||
| 700 | 1 | _a Llopis Goig, Ramón | |
| 856 | _uhttps://public.digitaliapublishing.com/a/96498 | ||
| 942 | _cCF | ||
| 999 |
_c62109 _d62109 |
||